[Event "XXV Jirasek Mem 2013"]
[Site "Rakovnik CZE"]
[Date "2013.08.15"]
[Round "7.3"]
[White "Cyborowski,L"]
[Black "Cech,P"]
[Result "1-0"]
[WhiteElo "2546"]
[BlackElo "2403"]

1.c4 c6 2.e4 e5 3.Nf3 d6 4.d4 Nd7 5.Nc3 Ngf6 6.Be2 Be7 7.O-O O-O 8.Be3 a6
9.h3 b5 10.a3 Bb7 11.b4 exd4 12.Nxd4 bxc4 13.Bxc4 d5 14.exd5 cxd5 15.Be2 Re8
16.Nb3 Rc8 17.Bd4 Nb8 18.Rc1 Ba8 19.Re1 Ne4 20.Bg4 Rc6 21.Na5 Rg6 22.Nxe4 dxe4
23.Rc8 Qxc8 24.Bxc8 Rxc8 25.Be3 Nc6 26.Nc4 Rd8 27.Qc2 f5 28.Rd1 Rf8 29.Nb6 Ne5
30.Qb3+ Kh8 31.Nxa8 f4 32.Bd4 Nf3+ 33.Kh1 Nxd4 34.Rxd4 f3 35.g3 Rxg3 36.fxg3  1-0

[Event "24th ch-NATO 2013"]
[Site "Rynia POL"]
[Date "2013.08.16"]
[Round "7.7"]
[White "Macaspac,A"]
[Black "Fichtner,E"]
[Result "1/2-1/2"]
[WhiteElo "2107"]
[BlackElo "2018"]

1.c4 c6 2.e4 d5 3.cxd5 cxd5 4.exd5 Nf6 5.Nc3 Nxd5 6.d4 Nc6 7.a3 g6 8.Bc4 Nb6
9.Bb5 a6 10.Bxc6+ bxc6 11.Nf3 Bg4 12.h3 Be6 13.O-O Bg7 14.Bf4 O-O 15.Re1 Nc4
16.b3 Na5 17.Rb1 c5 18.Ne2 c4 19.bxc4 Nxc4 20.Qa4 Qa5 21.Qxa5 Nxa5 22.Nc3 Nc4
23.a4 h6 24.Rb7 g5 25.Bg3 Rfe8 26.Na2 Kf8 27.Nb4 a5 28.Nc6 Bd5 29.Rc7 e6
30.Nfe5 Nxe5 31.Nxe5 Re7 32.Rc5 Kg8 33.Rb1 f6 34.Nc6 Rf7 35.Nxa5 Bf8 36.Rcb5 Rfa7
37.Nb7 Rxa4 38.Nc5 Rxd4 39.Nd7 Be7 40.Nb6 Re8 41.Nxd5 Rxd5 42.Rb7 e5 43.Rc1 Kf7
44.Rcc7 Ke6 45.Kh2 f5 46.f3 Rd1 47.Bxe5 Kxe5 48.Rxe7+ Rxe7 49.Rxe7+ Kf6  1/2-1/2

[Event "FIDE World Cup 2013"]
[Site "Tromso NOR"]
[Date "2013.08.16"]
[Round "2.7"]
[White "Ponomariov,R"]
[Black "Dubov,Danii"]
[Result "1/2-1/2"]
[WhiteElo "2756"]
[BlackElo "2624"]

1.c4 c6 2.Nf3 d5 3.g3 Bg4 4.Bg2 e6 5.O-O Nd7 6.cxd5 cxd5 7.Nc3 Ngf6 8.d3 Be7
9.Bf4 O-O 10.a3 Rc8 11.Qb3 Nc5 12.Qa2 Bxf3 13.Bxf3 Qb6 14.Be3 Qb3 15.Bxc5 Qxa2
16.Nxa2 Rxc5 17.Rfc1 Rfc8 18.Rxc5 Rxc5 19.Rc1 Nd7 20.e3 Kf8  1/2-1/2

[Event "XXV Jirasek Mem 2013"]
[Site "Rakovnik CZE"]
[Date "2013.08.17"]
[Round "9.4"]
[White "Neuman,P"]
[Black "Cech,P"]
[Result "1-0"]
[WhiteElo "2516"]
[BlackElo "2403"]

1.c4 c6 2.e4 e5 3.Nf3 d6 4.d4 Nd7 5.Nc3 Ngf6 6.Be2 Be7 7.O-O O-O 8.Be3 a6
9.d5 cxd5 10.cxd5 Ng4 11.Bd2 b5 12.Ne1 Ngf6 13.Nc2 Nc5 14.f3 Nh5 15.Nb4 Bg5
16.Nc6 Qf6 17.b4 Nd7 18.g3 Bxd2 19.Qxd2 Nb8 20.f4 Qh6 21.Rf2 Nxc6 22.dxc6 exf4
23.gxf4 Bh3 24.Nd5 Nf6 25.Bf3 Rae8 26.Nxf6+ Qxf6 27.Re1 d5 28.exd5 Rxe1+
29.Qxe1 Qxf4 30.Qd2 Qd6 31.Re2 Qg6+ 32.Kf2 Qd6 33.Ke1 h6 34.Qd4 a5 35.a3 axb4
36.Qxb4 Qf6 37.Kf2 Bf1 38.Re3 Bc4 39.Qe7 Qb2+ 40.Kg1 Qb1+ 41.Re1 Qg6+ 42.Kh1 Qf5
43.Qe4 Qf6 44.Bg2 Qd8 45.h3 Kh8 46.Kh2 f5 47.Qe7  1-0

[Event "28th Schwarzacher Open"]
[Site "Schwarzach AUT"]
[Date "2013.08.17"]
[Round "1.7"]
[White "Melzner,L"]
[Black "Fodor,T jr"]
[Result "1-0"]
[WhiteElo "2195"]
[BlackElo "2451"]

1.c4 c6 2.g3 d5 3.Nf3 Nf6 4.Bg2 Bg4 5.Ne5 Be6 6.cxd5 Bxd5 7.Nf3 c5 8.Nc3 Bc6
9.O-O e6 10.d4 Nbd7 11.Re1 cxd4 12.Nxd4 Bxg2 13.Kxg2 Bb4 14.Qb3 Qb6 15.Rd1 Nc5
16.Na4 Nxb3 17.Nxb6 Nxa1 18.Nxa8 Ke7 19.Nc7 Rc8 20.Bf4 Ba5 21.Ncb5 Nc2 22.Nd6 Rd8
23.Nxc2 Bc7 24.e4 Nxe4 25.Nxe4 Rxd1 26.Bxc7 Rc1 27.Bd6+ Kd7 28.Nb4 f5 29.Nd3 Rd1
30.Ne5+ Ke8 31.Bb8 fxe4 32.Bxa7 Rd5 33.Nc4 b5 34.Na3 Ke7 35.Be3 e5 36.Kf1 b4
37.Nc2 Rd1+ 38.Ke2 Rb1 39.Nxb4 Rxb2+ 40.Bd2 Ke6 41.Kd1 Rb1+ 42.Kc2 e3 43.fxe3 Rh1
44.a4 Rxh2 45.a5 Kd6 46.a6 Kc7 47.e4 h5 48.Kd3 h4 49.gxh4 Rxh4 50.Bc3 Kd7
51.a7 Rh8 52.Nd5 Kc6 53.Bxe5 Kb7 54.Bb8  1-0

[Event "12th Lichtenberger Sommer"]
[Site "Berlin GER"]
[Date "2013.08.18"]
[Round "2.51"]
[White "Kohler,T"]
[Black "Bender,Se2"]
[Result "1/2-1/2"]
[WhiteElo "2263"]
[BlackElo "1921"]

1.c4 c6 2.Nf3 Nf6 3.Nc3 d5 4.e3 Bg4 5.h3 Bh5 6.cxd5 Nxd5 7.Be2 e6 8.O-O Be7
9.d4 O-O 10.g4 Bg6 11.Ne5 Nd7 12.Nxg6 hxg6 13.e4 Nxc3 14.bxc3 e5 15.f4 Qa5
16.Qb3 exd4 17.cxd4 Qb6 18.Qd3 c5 19.Be3 cxd4 20.Bxd4 Bc5 21.Rfd1 Rfd8  1/2-1/2

[Event "12th Lichtenberger Sommer"]
[Site "Berlin GER"]
[Date "2013.08.18"]
[Round "2.10"]
[White "Sieglen,J"]
[Black "Krajewski,W"]
[Result "1-0"]
[WhiteElo "2270"]
[BlackElo "2073"]

1.c4 c6 2.Nf3 d5 3.d4 Nf6 4.Nc3 a6 5.a4 e6 6.Bg5 a5 7.e3 Be7 8.Bd3 Na6 9.O-O O-O
10.Rc1 Nb4 11.Bb1 b6 12.cxd5 exd5 13.Ne5 Bb7 14.f4 c5 15.Nb5 Ne4 16.Bxe7 Qxe7
17.dxc5 bxc5 18.Bxe4 dxe4 19.Qd6 Qxd6 20.Nxd6 Ba6 21.Rfd1 Nd3 22.Nxd3 Bxd3
23.Rxc5 h6 24.Rdc1 Ra6 25.Nf5 Rb6 26.Rxa5 Rxb2 27.Ra7 Rfb8 28.Ne7+ Kh7 29.Nd5 Rd2
30.f5 Rbb2 31.Nf4 Bc4 32.h3 Bb3 33.Rc8 h5 34.h4 Rd1+ 35.Kh2 Rbb1 36.Raa8 g5
37.fxg6+ Kg7 38.Rg8+ Kf6 39.Nxh5+ Kf5 40.Ra5+  1-0

[Event "Caissa IM Aug 2013"]
[Site "Kecskemet HUN"]
[Date "2013.08.18"]
[Round "2.2"]
[White "Meszaros,Gyu"]
[Black "Bodiroga,P"]
[Result "1/2-1/2"]
[WhiteElo "2248"]
[BlackElo "2379"]

1.c4 c6 2.Nf3 Nf6 3.g3 d5 4.Bg2 Bg4 5.Ne5 Be6 6.cxd5 Bxd5 7.Nf3 Qb6 8.Nc3 g6
9.O-O Bg7 10.Qc2 O-O 11.e4  1/2-1/2

[Event "4th Sarkany-Aranytiz IM"]
[Site "Budapest HUN"]
[Date "2013.08.19"]
[Round "3"]
[White "Gal,Ta"]
[Black "Koczo,K"]
[Result "1/2-1/2"]
[WhiteElo "2240"]
[BlackElo "2282"]

1.c4 c6 2.Nf3 d5 3.e3 Nf6 4.Nc3 e6 5.Qc2 Nbd7 6.d4 b6 7.cxd5 exd5 8.Bd3 Bd6
9.O-O Bb7 10.e4 dxe4 11.Nxe4 Nxe4 12.Bxe4 Qc7 13.Bg5 f6 14.Bh4 O-O-O 15.Rac1 Bf4
16.Bg3 Bxg3 17.hxg3 c5 18.Bxb7+ Kxb7 19.dxc5 bxc5 20.Nd4 Rhe8 21.Qb3+ Qb6
22.Qd5+ Kc7 23.b4 Re5 24.Qc4 Kb8 25.Nf3 Rf5 26.Qe4 Rh5 27.g4 Rh6 28.bxc5 Nxc5
29.Qe7 Nb7 30.Rb1 Qc7 31.Qe4 Rd7 32.Rfc1 Qd8 33.Qf4+ Ka8 34.Qc4 Qb8 35.Qe4 Qd8
36.a4 a6 37.Nd4 Qb8 38.g3 f5 39.gxf5 Rhd6 40.Ne6 Ka7 41.Qe3+ Ka8 42.Qc3 Qg8
43.Qf3 Qb8 44.Rc6 Rxc6 45.Qxc6 Qd6 46.Qe4 Ka7 47.Qe3+ Ka8 48.Kg2 g6 49.fxg6 Qd5+
50.Kg1 hxg6 51.Nf4 Qc6 52.Qe8+ Ka7 53.Qxg6 Qxa4 54.Qb6+ Kb8 55.Re1 Rd1 56.Qe3 a5
57.Qe5+ Ka7 58.Qe3+ Kb8 59.Qe5+ Ka7 60.Qe3+ Kb8 61.Kg2 Rxe1 62.Qxe1 Qc6+
63.f3 a4 64.g4 a3 65.Qe5+ Ka8 66.g5 a2 67.g6 Qc2+ 68.Kg3 Nd6 69.Kg4 Qf5+
70.Qxf5 Nxf5 71.Kxf5 a1=Q 72.Ne6 Qa5+ 73.Kg4 Qe5 74.Ng5 Qf6 75.Kh5 Kb7 76.Kh6 Kc6
77.f4 Qh8+ 78.Nh7 Kd6 79.f5 Ke5 80.f6 Qd8 81.f7 Qh4+ 82.Kg7 Qe7 83.Kg8 Qe6
84.Kg7 Qe7 85.Kh8 Qe6 86.Kg7 Qe7  1/2-1/2

[Event "6th Jessie Gilbert Open 2013"]
[Site "Coulsdon ENG"]
[Date "2013.08.19"]
[Round "3"]
[White "Merry,Alan B"]
[Black "Starostits,I"]
[Result "0-1"]
[WhiteElo "2283"]
[BlackElo "2475"]

1.c4 c6 2.d4 d5 3.e3 Nf6 4.Nf3 a6 5.Bd3 b5 6.b3 Bg4 7.O-O e6 8.Nbd2 Be7 9.Qc2 Nbd7
10.Bb2 Bh5 11.h3 Bg6 12.e4 O-O 13.Ne5 Nxe5 14.dxe5 Nxe4 15.Nxe4 dxe4 16.Bxe4 Qb6
17.Rac1 Rad8 18.cxb5 cxb5 19.Bxg6 hxg6 20.Qc7 Qxc7 21.Rxc7 Rd2 22.Bc3 Bd8
23.Rb7 Rxa2 24.Bb4 Re8 25.Rb8 a5 26.Bd6 Kh7 27.Rc1 Bg5 28.Rxe8 Bxc1 29.Ra8 a4
30.bxa4 bxa4 31.Ra7 a3 32.Rxf7 Rc2 33.Bf8 Kg8  0-1

[Event "9th BDO Challenger"]
[Site "Haarlem NED"]
[Date "2013.08.19"]
[Round "3.2"]
[White "Afek,Y"]
[Black "Lahaye,R"]
[Result "1/2-1/2"]
[WhiteElo "2315"]
[BlackElo "2376"]

1.c4 c6 2.e4 d5 3.exd5 cxd5 4.d4 Nf6 5.Nc3 Nc6 6.Nf3 e6 7.Bd3 dxc4 8.Bxc4 a6
9.Bg5 Be7 10.O-O b5 11.Bb3 Na5 12.Bc2 Bb7 13.Ne5 Rc8 14.Qd3 Nc4 15.Nxc4 Rxc4
16.Rad1 Nd5 17.Bxe7 Kxe7 18.Nxd5+ Bxd5 19.Bb3 Rc6 20.Rfe1 Rd6 21.h3 g6 22.Qe3 Bxb3
23.axb3 Rd5 24.Ra1 Qd6 25.Rec1 Rd8 26.Qh6 Rxd4 27.Qxh7 Qf4 28.g3 Qf6 29.Qh6 Qf3
30.Rf1 R8d6 31.Rac1 Rc6 32.Qg5+ Ke8 33.Rxc6 Qxc6 34.Rc1 Qd7 35.Kh2 Rd2 36.Qf6 Qd8
37.Qh8+ Kd7 38.Qc3 Ke7 39.Qc5+ Kf6 40.Qc3+ Qd4 41.Kg1 Rd3 42.Qxd4+ Rxd4 43.Rc6 Rd2
44.Rxa6 Rxb2 45.Ra7 Rxb3 46.h4 e5 47.Kg2 e4 48.g4 e3 49.fxe3 Rxe3 50.Rb7 Re5
51.Kf3 Rc5 52.Ke3 Ke6 53.Rb6+ Kd5 54.Kd3 Ke5 55.h5 gxh5 56.gxh5 Kf4 57.h6 Rd5+
58.Ke2 Rh5 59.Rf6+ Ke4 60.Rxf7 Rxh6 61.Kd2 Rc6 62.Rh7 Rc4 63.Rh5 b4 64.Rh4+ Kd5
65.Rxc4 Kxc4  1/2-1/2

[Event "TCh-ESP CECLUB Div1Gp1 2013"]
[Site "Linares ESP"]
[Date "2013.08.19"]
[Round "1.2"]
[White "Zhigalko,A"]
[Black "Reales Murto,M"]
[Result "1-0"]
[WhiteElo "2603"]
[BlackElo "2292"]

1.c4 c6 2.e4 e6 3.d4 d5 4.e5 c5 5.Nf3 Nc6 6.cxd5 exd5 7.Bb5 a6 8.Bxc6+ bxc6
9.O-O c4 10.b3 cxb3 11.axb3 Nh6 12.h3 Nf5 13.Nc3 h5 14.Na4 Be7 15.Qc2 g5
16.Bxg5 Bxg5 17.Nxg5 Nxd4 18.Qd2 Ne6 19.f4 d4 20.Ne4 Ng7 21.Nd6+ Kf8 22.f5 Rb8
23.Nc5 Qh4 24.Ra4 Qg3 25.Nxc8  1-0

[Event "33rd Bratto Open"]
[Site "Bratto ITA"]
[Date "2013.08.21"]
[Round "5.1"]
[White "David,Alb"]
[Black "Sumets,A"]
[Result "1/2-1/2"]
[WhiteElo "2589"]
[BlackElo "2577"]

1.c4 c6 2.d4 d5 3.Nc3 Nf6 4.Nf3 dxc4 5.a4 e6 6.e3 c5 7.Bxc4 Nc6 8.O-O cxd4
9.exd4 Be7 10.Qe2 O-O 11.Rd1 Nb4 12.Ne5 Bd7 13.d5 exd5 14.Nxd5 Nbxd5 15.Bxd5 Nxd5
16.Rxd5 Bg4 17.Qc4 Qxd5 18.Qxd5 Rad8 19.Qb3 Rd1+ 20.Qxd1 Bxd1 21.Bg5 Bxg5
22.Rxd1 Rc8  1/2-1/2

[Event "4th Sarkany-Aranytiz IM"]
[Site "Budapest HUN"]
[Date "2013.08.21"]
[Round "5"]
[White "To,N"]
[Black "Grigoryan,Meri"]
[Result "1-0"]
[WhiteElo "2296"]
[BlackElo "2052"]

1.c4 c6 2.Nf3 d5 3.g3 Nf6 4.Bg2 g6 5.cxd5 cxd5 6.d4 Nc6 7.O-O Bg7 8.Ne5 Ne4
9.Nxc6 bxc6 10.Nc3 Nxc3 11.bxc3 Qa5 12.Qb3 Ba6 13.Ba3 Qb5 14.Rfb1 Qxb3 15.axb3 Bb7
16.Bc5 a6 17.e3 Kd7 18.Ra3 e6 19.Rba1 Bf8 20.Bxf8 Rhxf8 21.Bf1 Ra7 22.b4 Rfa8
23.Ra5 Kc7 24.f3 Kb6 25.e4 Re8 26.Kf2 Bc8 27.Bd3 Bb7 28.h4 Bc8 29.Ke3 f6
30.c4 dxc4 31.Bxc4 Rd8 32.g4 Re8 33.Rc5 Rd8 34.Rc1 Re7 35.Bb3 Bb7 36.Ba4 Rc8
37.f4 Ree8 38.Bd1 Rcd8 39.Bf3 Rc8 40.f5 gxf5 41.gxf5 exf5 42.Rxf5 Re6 43.Rg1 Rc7
44.h5 Bc8 45.Rc5 Rd6 46.Rg8 Be6 47.Rb8+ Ka7 48.Rf8 Bb3 49.Be2 Ba4 50.Bg4 Bb5
51.Bf5 Rg7 52.Rh8 Rg3+ 53.Kf4 Rb3 54.Rxh7+ Kb6 55.Rd7 Rxd7 56.Bxd7 Kc7 57.Bxc6 Bxc6
58.d5 Rxb4 59.Rxc6+  1-0

[Event "74th ch-ARM 1st League"]
[Site "Yerevan ARM"]
[Date "2013.08.22"]
[Round "2.3"]
[White "Vardanian,HaiG"]
[Black "Kotanjian,T"]
[Result "0-1"]
[WhiteElo "2339"]
[BlackElo "2500"]

1.c4 c6 2.Nf3 d5 3.e3 Nf6 4.d4 Bg4 5.cxd5 cxd5 6.Qb3 Bxf3 7.gxf3 Qc7 8.Nc3 e6
9.e4 Nc6 10.Bf4 Qd7 11.Rd1 Bb4 12.Bh3 O-O 13.O-O Bxc3 14.bxc3 Rac8 15.Bg5 Ne7
16.Rfe1 Rc7 17.Re3 Ng6 18.Kh1 Nh5 19.Ree1 Nhf4 20.Bf1 Rfc8 21.Rc1 h6 22.Bb5 Qd6
23.e5 Qb6 24.Bxf4 Nxf4 25.Re3 Qxd4 26.Bf1 Qd2 27.Rc2 Qd1 28.Kg1 d4 29.Re4 d3  0-1

[Event "Brasschaat Open 2013"]
[Site "Brasschaat BEL"]
[Date "2013.08.23"]
[Round "7.5"]
[White "Docx,S"]
[Black "Mengerink,Y"]
[Result "1/2-1/2"]
[WhiteElo "2490"]
[BlackElo "2187"]

1.c4 c6 2.Nf3 d5 3.e3 e6 4.b3 Nf6 5.Bb2 Bd6 6.Nc3 Qe7 7.Be2 Nbd7 8.Qc2 O-O
9.Rg1 Ba3 10.Bxa3 Qxa3 11.g4 Rd8 12.g5 Ne8 13.h4 a6 14.h5 b5 15.g6 fxg6 16.hxg6 h6
17.cxd5 cxd5 18.Nxd5 exd5 19.Qc6 Qd6 20.Bxb5 Rb8 21.Qxd6 Nxd6 22.Be2 Bb7
23.Nd4 Nf6 24.f3 Rbc8 25.Kd1 Re8 26.Bf1 Rc7 27.Rc1 Rxc1+ 28.Kxc1 Nd7 29.Kb2 Nc5
30.Nc2 Rf8 31.Be2 Ne6 32.Rg4 Rf6 33.Nb4 Ng5 34.f4 Nge4 35.Nxa6 Nxd2 36.Nc5 N2e4
37.Nxb7 Nxb7 38.Rg1 Rc6 39.Bf3 Kf8 40.Rd1 Rd6 41.Rd4 Nbc5 42.b4 Ne6 43.Rd1 Ke7
44.a4 Nf8 45.a5 Nd7 46.Rd4 Nef6 47.b5 Ke6 48.Ka3 Kf5 49.Kb4 Kxg6 50.e4 dxe4
51.Rxd6 exf3 52.Rd1 f2 53.Rf1 Nd5+ 54.Ka3 Nc3 55.b6 Ne4 56.Kb4 Kf5 57.Kb5 Nb8
58.a6 Nd6+ 59.Kc5 Ne4+ 60.Kb5 Nd6+ 61.Ka5 Nc4+ 62.Kb5  1/2-1/2

[Event "3rd Budapest Open"]
[Site "Budapest HUN"]
[Date "2013.08.23"]
[Round "7.1"]
[White "Zentai,P2"]
[Black "Farago,S"]
[Result "1/2-1/2"]
[WhiteElo "2234"]
[BlackElo "2270"]

1.c4 c6 2.e4 e5 3.Nc3 Nf6 4.Nf3 d6 5.d4 Nbd7 6.Be2 g6 7.O-O Bg7 8.Re1 O-O
9.Be3 Ng4 10.Bg5 f6 11.Bc1 Nh6 12.Rb1 a5 13.b3 Nf7 14.d5 Nc5 15.Ba3  1/2-1/2

[Event "TCh-SRB 1st League 2013"]
[Site "Kragujevac SRB"]
[Date "2013.08.24"]
[Round "1.6"]
[White "Damljanovic,B"]
[Black "Mastrovasilis,D"]
[Result "1-0"]
[WhiteElo "2559"]
[BlackElo "2595"]

1.c4 c6 2.d4 d5 3.Nf3 Nf6 4.Nc3 dxc4 5.a4 Bf5 6.Nh4 Bc8 7.e3 e5 8.Bxc4 exd4
9.exd4 Qe7+ 10.Be3 Ng4 11.Qe2 Nxe3 12.Qxe3 Qxe3+ 13.fxe3 Be7 14.Nf3 a5 15.O-O Nd7
16.Bb3 O-O 17.Ne4 h6 18.Rac1 Nb6 19.Nc5 Bxc5 20.dxc5 Nd5 21.Bxd5 cxd5 22.Nd4 Bd7
23.b3 Rfe8 24.Rc3 Re5 25.Nf3 Re4 26.Rd1 Bc6 27.Rd4 Re6 28.Kf2 g6 29.g3 Kg7
30.Rcd3 Rae8 31.h4 Rf6 32.Rf4 Rfe6 33.Nd4 Re5 34.Nf3 R5e6 35.Ke2 Re4 36.Kd2 R4e7
37.Nd4 Re5 38.Ne2 Bd7 39.Nd4 Bc6 40.Rc3 R8e7 41.Rf3 Re4 42.Rc1 Rg4 43.Rg1 Rge4
44.Rb1 R4e5 45.b4 axb4 46.Rxb4 Re8 47.a5 Ra8 48.Nxc6 bxc6 49.Rb7 Rf5 50.Rxf5 gxf5
51.Rb6 Rxa5 52.Rxc6 h5 53.Kd3 Kf8 54.Kd4 Ke7 55.Rh6 Ra4+ 56.Kxd5 Re4 57.Rxh5 Rxe3
58.Rg5 Rd3+ 59.Kc4 Rf3 60.Kd4 Ke6 61.h5 Rf1 62.Rg8 f4 63.g4 f3 64.Ke3 f2
65.Ke2 Rc1 66.Kxf2 Rxc5 67.h6 Rc2+ 68.Kg3 Rc3+ 69.Kh4 Rc1 70.Ra8 Rh1+ 71.Kg5 Ke7
72.Rh8 Rh2 73.Kf4 Kf6 74.g5+ Ke7 75.Ra8 Rh1 76.g6  1-0

[Event "15th Sants Open 2013"]
[Site "Barcelona ESP"]
[Date "2013.08.25"]
[Round "3.2"]
[White "Iturrizaga,E"]
[Black "Goryachkina,A"]
[Result "1-0"]
[WhiteElo "2660"]
[BlackElo "2409"]

1.c4 c6 2.Nf3 d5 3.e3 Nf6 4.Nc3 e6 5.Qc2 Bd6 6.b3 O-O 7.Bb2 e5 8.d4 exd4
9.Nxd4 Na6 10.a3 Nc5 11.cxd5 cxd5 12.b4 Nce4 13.Nxd5 Nxd5 14.Qxe4 Re8 15.Qf3 Nb6
16.Rd1 Qg5 17.Be2 a5 18.Nb5 Be5 19.Bxe5 Rxe5 20.Nd6 Qe7 21.O-O Be6 22.Qxb7 Qxb7
23.Nxb7 axb4 24.axb4 Nd5 25.Rd4 Rb8 26.Nd6 Nxb4 27.Rb1 Nc6 28.Rxb8+ Nxb8
29.Nf5 Nd7 30.Ng3 Ra5 31.f4 f5 32.Rd6 Kf7 33.e4 Ke7 34.e5 g5 35.fxg5 Rxe5
36.Rd4 f4 37.Ne4 Bd5 38.Bf3 Nf8 39.Nd2 Bf7 40.h4 Ne6 41.Rb4 Bg6 42.Bg4 Re1+
43.Kh2 Re3 44.Nc4 Re1 45.Rb7+ Kf8 46.Nd6 Nc5 47.Rb8+ Ke7 48.Nf5+ Ke6 49.Nd4+ Kd5
50.Rd8+ Kc4 51.Nf3 Ra1 52.Rd4+ Kc3 53.Rxf4 Nd3 54.Rf8 Nf2 55.Bf5 Bxf5 56.Rxf5 Kd3
57.Rf7 Ke3 58.Rxh7  1-0

[Event "12th Lichtenberger Sommer"]
[Site "Berlin GER"]
[Date "2013.08.25"]
[Round "9.66"]
[White "Zschaebitz,K"]
[Black "Schrodt,H"]
[Result "1-0"]
[WhiteElo "2024"]
[BlackElo "1753"]

1.c4 c6 2.g3 d5 3.Nf3 dxc4 4.Bg2 Nf6 5.O-O Bf5 6.Na3 e6 7.Nxc4 Nbd7 8.d3 h6
9.a4 a5 10.Bd2 Bc5 11.d4 Be7 12.Qe1 b6 13.Nfe5 Nxe5 14.dxe5 Ne4 15.Be3 Bb4
16.Qc1 c5 17.Bxe4  1-0

[Event "Brasschaat Open 2013"]
[Site "Brasschaat BEL"]
[Date "2013.08.25"]
[Round "9.10"]
[White "Dardha,A"]
[Black "Vande Velde,E"]
[Result "1-0"]
[WhiteElo "2272"]
[BlackElo "1973"]

1.c4 c6 2.e4 d5 3.exd5 cxd5 4.d4 Nf6 5.Nc3 Nc6 6.Nf3 e6 7.Bg5 Be7 8.Bd3 dxc4
9.Bxc4 O-O 10.O-O Nd5 11.Bxe7 Ncxe7 12.Rc1 Bd7 13.Nxd5 Nxd5 14.Ne5 Rc8 15.Bxd5 exd5
16.Qb3 Bc6 17.Rc5 Re8 18.Rfc1 f6 19.Nxc6 bxc6 20.g3 Re6 21.Qxd5 Qxd5 22.Rxd5 Rb8
23.Rd7 Rxb2 24.d5 Ree2 25.dxc6 Rxf2 26.c7  1-0

[Event "3rd Isthmia Open"]
[Site "Vrachati GRE"]
[Date "2013.08.25"]
[Round "9.20"]
[White "Sverkounos,S"]
[Black "Kouvatsos,F"]
[Result "1/2-1/2"]
[WhiteElo "1977"]
[BlackElo "2160"]

1.c4 c6 2.e3 d5 3.Nf3 Nf6 4.Nc3 Bf5 5.Qb3 Qb6 6.cxd5 Qxb3 7.axb3 Nxd5 8.Nxd5 cxd5
9.Bb5+ Bd7 10.Bxd7+ Nxd7 11.d4 e6 12.Bd2 Bd6 13.Ke2 Nf6 14.Bc3 Ke7 15.Rhc1 a6
16.h3 Rhc8 17.Rc2 Rc6 18.Nd2 Rac8 19.Rac1 Kd7 20.Kd3 h6 21.f3 g5 22.Ba5 Rxc2
23.Rxc2 Rxc2 24.Kxc2 h5 25.Kd3 h4 26.Nb1 Ne8  1/2-1/2

[Event "Jastrzebskie Youth 2013"]
[Site "Ustron POL"]
[Date "2013.08.27"]
[Round "5.5"]
[White "Chernyshov,K"]
[Black "Andriyanov,Ivan"]
[Result "1/2-1/2"]
[WhiteElo "2527"]
[BlackElo "2066"]

1.c4 c6 2.Nf3 d5 3.e3 Nf6 4.Nc3 e6 5.b3 Be7 6.Bb2 Nbd7 7.Rc1 O-O 8.Qc2 a6
9.d4 b5 10.Bd3 bxc4 11.bxc4 dxc4 12.Bxc4 c5 13.O-O Bb7 14.Rfd1 Qc7 15.Qe2 cxd4
16.Rxd4 Nc5 17.h3 Rfd8 18.Rxd8+ Rxd8 19.Nd4 Qb6 20.Nb3 Nfd7 21.Nd1 Nxb3 22.axb3 Bf6
23.Bxf6 Nxf6 24.Nc3 h6 25.Rd1 Rd6 26.Rd3 Qd8 27.Rxd6 Qxd6 28.Qc2 Qc6 29.f3 Qb6
30.Qd2 Nd5 31.Kf2 Qc5 32.Ne2 a5 33.Bxd5 Bxd5 34.Nc1 Qb5 35.Qc2 Qb4 36.g4 g6
37.e4 Qd4+ 38.Kg2 Bb7 39.Qd3 Qb6 40.Qd2 Kg7 41.Qc3+ Kg8 42.Nd3 Ba6 43.Nc5 Qb5
44.Qe3 Kh7 45.h4 Kg8 46.Kg3 Kh7 47.g5 h5 48.Qd4 Qf1 49.Qf2 Qb5 50.Kf4 Qb8+
51.Ke3 Qd6 52.Qc2 Bb5 53.f4 e5 54.fxe5 Qxe5 55.Kf3 Kg7 56.Qf2 f5 57.gxf6+ Qxf6+
58.Kg2 Qe5 59.Qe3 Bc6 60.Kg1 Qa1+ 61.Kf2 Qb2+ 62.Kg3 Qe5+ 63.Kg2 Qb2+ 64.Kf1 Qa1+
65.Ke2 Qb2+ 66.Kf3 Qf6+ 67.Kg3 Qe5+ 68.Kh3 Kh7 69.Kg2 Qb2+ 70.Qf2 Qe5 71.Qf7+ Kh6
72.Qf8+ Kh7 73.Kf1 Bxe4 74.Qf7+  1/2-1/2

[Event "Jastrzebskie Youth 2013"]
[Site "Ustron POL"]
[Date "2013.08.27"]
[Round "6.6"]
[White "Ivaschenko,Dmitry"]
[Black "Ginzburg,Mi"]
[Result "0-1"]
[WhiteElo "2249"]
[BlackElo "2243"]

1.c4 c6 2.Nc3 d5 3.cxd5 cxd5 4.d4 Nc6 5.g3 Nf6 6.Bg2 e6 7.e3 Be7 8.Nge2 O-O
9.O-O a6 10.b3 b5 11.Bb2 Qb6 12.Nf4 Bb7 13.Nd3 a5 14.Rc1 Nd7 15.f4 a4 16.Rc2 f5
17.g4 g6 18.Bf3 Nb4 19.Nxb4 Bxb4 20.Nb1 Be7 21.g5 b4 22.h4 a3 23.Bc1 Rfc8
24.Rff2 Ba6 25.Bg2 Bb5 26.Kh2 Qa6 27.Nd2 Rxc2 28.Qxc2 Rc8 29.Qb1 Bd3 30.Qa1 Rc2
31.Kg3 Qc8  0-1

[Event "Petersburg Summer Blitz 2013"]
[Site "St Petersburg RUS"]
[Date "2013.08.28"]
[Round "9.12"]
[White "Gorovets,A"]
[Black "Pisakov,I"]
[Result "1-0"]
[WhiteElo "2467"]
[BlackElo "2305"]

1.c4 c6 2.Nf3 Nf6 3.Nc3 d5 4.e3 e6 5.Qc2 Nbd7 6.b3 b6 7.Bb2 Bb7 8.Be2 Rc8
9.d4 Bd6 10.e4 dxe4 11.Nxe4 Nxe4 12.Qxe4 Nf6 13.Qc2 c5 14.O-O cxd4 15.Nxd4 Qc7
16.h3 a6 17.Bd3 Bc5 18.Qe2 O-O 19.Nf3 Rfd8 20.Bxf6 gxf6 21.Be4 Kh8 22.Rad1 Rg8
23.Bxb7 Qxb7 24.Rfe1 Rg7 25.Qe4 Qc7 26.Re2 f5 27.Qe5 Qc6 28.Red2 Rg8 29.Rd8 h6
30.Rxg8+ Kxg8 31.Kf1 Kh7 32.a4 Qe4 33.Qxe4 fxe4 34.Ne5 f5 35.Nd7 Re7 36.a5 Rxd7
37.Rxd7+ Kg6 38.axb6 Bxb6 39.Rd6 Bc5 40.Rxe6+ Kg5 41.Rxa6 f4 42.Ra5  1-0

[Event "15th Sants Open 2013"]
[Site "Barcelona ESP"]
[Date "2013.08.29"]
[Round "7.12"]
[White "D'Costa,L"]
[Black "Alsina Leal,D"]
[Result "1/2-1/2"]
[WhiteElo "2408"]
[BlackElo "2538"]

1.c4 c6 2.Nf3 d5 3.b3 Bf5 4.Bb2 e6 5.g3 h6 6.Bg2 Nf6 7.O-O Be7 8.d3 O-O 9.Nbd2 a5
10.a3 Nbd7 11.Qc2 Bh7 12.Bc3 b5 13.cxb5 cxb5 14.b4 Qc7 15.Qb2 Nb6 16.Be5 Qa7
17.bxa5 Qxa5 18.Nb3 Qa4 19.Nbd4 Nbd7 20.Bf4 Bxa3 21.Qxb5  1/2-1/2

[Event "15th Sants Open 2013"]
[Site "Barcelona ESP"]
[Date "2013.08.31"]
[Round "9.2"]
[White "Iturrizaga,E"]
[Black "Gustafsson,J"]
[Result "1/2-1/2"]
[WhiteElo "2660"]
[BlackElo "2619"]

1.c4 c6 2.Nf3 d5 3.e3 Nf6 4.Nc3 e6 5.Qc2 Bd6 6.b3 O-O 7.d4 Nbd7 8.Be2 b6
9.O-O Bb7 10.Bb2 Rc8 11.Rad1 c5  1/2-1/2

[Event "2nd Paleros Open"]
[Site "Paleros GRE"]
[Date "2013.08.31"]
[Round "9.4"]
[White "Mitrandzas,A"]
[Black "Roumbeglis,N"]
[Result "1-0"]
[WhiteElo "2096"]
[BlackElo "2163"]

1.c4 c6 2.g3 d5 3.Bg2 Nf6 4.Nf3 dxc4 5.a4 Nbd7 6.Na3 a5 7.Nxc4 g6 8.O-O Bg7
9.d3 Nb6 10.Nxb6 Qxb6 11.Be3 Qd8 12.Qb3 Qd5 13.Qa3 Qh5 14.Bc5 O-O 15.Bxe7 Re8
16.Rfe1 Bg4 17.Bc5 Rad8 18.Rac1 Nd5 19.Rc4 g5 20.Qb3 b6 21.Bd4 Rd6 22.Bxg7 Kxg7
23.Re4 Rxe4 24.dxe4 Nb4 25.Qe3 Bxf3 26.Bxf3 g4 27.Bg2 c5 28.Qc3+ Kg8 29.e5 Re6
30.f4 gxf3 31.exf3 Nc6 32.f4 Nd4 33.Qd3 Qg4 34.h3 Qg7 35.Bd5 Re8 36.Kh2 Rd8
37.Bg2 Qh6 38.Qf1 Qe6 39.Re3 Kg7 40.g4 Qa2 41.f5 Qxb2 42.Qf4 h6 43.g5 Qc2
44.Re4 Ne2 45.Qh4 Rh8 46.gxh6+ Kh7 47.Rg4  1-0

[Event "Petersburg Summer Rapid 2013"]
[Site "St Petersburg RUS"]
[Date "2013.08.31"]
[Round "3.4"]
[White "Zvjaginsev,V"]
[Black "Kabanov,N"]
[Result "1-0"]
[WhiteElo "2659"]
[BlackElo "2475"]

1.c4 c6 2.e4 e5 3.Nf3 Qa5 4.g3 Nf6 5.Bg2 Nxe4 6.O-O d6 7.d4 Nd7 8.Re1 Nef6
9.Bd2 Qc7 10.Bf4 Ng4 11.h3 Be7 12.Qe2 Ngf6 13.dxe5 dxe5 14.Nxe5 Qd8 15.Nxc6 bxc6
16.Bc7 O-O 17.Bxd8 Bxd8 18.Bxc6 Rb8 19.Nc3 Ba5 20.Rad1 Bxc3 21.bxc3 Nb6 22.c5 Nbd7
23.Qe7  1-0

[Event "74th ch-ARM 1st League"]
[Site "Yerevan ARM"]
[Date "2013.08.31"]
[Round "10.2"]
[White "Chibukhchian,A"]
[Black "Baghdasaryan,V"]
[Result "1-0"]
[WhiteElo "2454"]
[BlackElo "2414"]

1.c4 c6 2.Qa4 g6 3.Nf3 Bg7 4.Nc3 f5 5.g3 Nf6 6.Bg2 O-O 7.O-O d6 8.d4 Qe8
9.c5 Nbd7 10.Ng5 dxc5 11.dxc5 e6 12.Qc4 Ne5 13.Qb3 h6 14.Bf4 Nd5 15.Bxe5 Bxe5
16.Nf3 Bg7 17.e4 Nxc3 18.bxc3 Qe7 19.Qc4 b5 20.cxb6 axb6 21.Rfe1 b5 22.Qd3 fxe4
23.Rxe4 Qf6 24.Rc1 Rxa2 25.Rf4 Qe7 26.Rxf8+ Kxf8 27.Nh4 Qf6 28.Nxg6+ Kf7
29.Nf4 e5 30.Ne2 Bg4 31.Re1 Bf8 32.Qh7+ Qg7 33.Qe4 Qg6 34.Qxe5 Bxe2 35.Rxe2 Rxe2
36.Qxe2 Qf6 37.Qd3 Bc5 38.Bf3 Ke7 39.Kg2 Qd6 40.Qh7+ Kd8 41.Qb7 b4 42.cxb4 Bxb4
43.Bxc6 Bc5 44.Bd5 Bd4 45.h4 Qf6 46.f4 Bb6 47.Bc6 Qd4 48.Qb8+ Ke7 49.Qe8+ Kf6
50.Qh8+ Kg6 51.h5+ Kf7 52.Qe8+ Kf6 53.Qf8+ Ke6 54.Qxh6+ Qf6 55.Bd5+ Ke7 56.Qxf6+ Kxf6
57.g4 Kg7 58.g5 Be3 59.Kf3 Bc1 60.Kg4 Bd2 61.f5 Bc3 62.f6+ Bxf6 63.h6+  1-0

[Event "67th Moscow Blitz 2013"]
[Site "Moscow RUS"]
[Date "2013.09.01"]
[Round "8"]
[White "Belous,V"]
[Black "Gunina,V"]
[Result "0-1"]
[WhiteElo "2554"]
[BlackElo "2506"]

1.c4 c6 2.Nf3 d5 3.b3 Nf6 4.Bb2 Bf5 5.g3 e6 6.Bg2 Be7 7.O-O O-O 8.d3 a5 9.a3 Nbd7
10.Nbd2 Bd6 11.Qc2 e5 12.Rad1 Qe7 13.cxd5 cxd5 14.Qc1 Rac8 15.Qa1 h6 16.Rc1 Bh7
17.Bh3 Rxc1 18.Qxc1 e4 19.Nd4 exd3 20.exd3 Bxd3 21.Re1 Qd8 22.Qc3 Bg6 23.Nf5 Bc5
24.Nf3 Re8 25.Rxe8+ Qxe8 26.Nxg7 Qe4 27.Bxd7 Nxd7 28.Nf5 f6 29.N5d4 Qb1+
30.Kg2 Be4 31.b4 axb4 32.axb4 Bxd4 33.Qc8+ Nf8 34.Bxd4 Bxf3+ 35.Kh3 Qe4 36.Bxf6 Bg2+  0-1